1096 1306 1508 1930 1529 1853 1474 1398 1138 1330 1105 1258 1105 1911 1573 1176 1445 1527 1676 1034 1128 1484 1818 1145 1664 1086 1342 1324 1298 1673 1048 1541 1331 1446 1524 1211 1367 1255 1577 1140 1876 1009 1572 1666 1568 1741 1186 1109 1349 1525 1035 1525 1432 1586 1180 1250 1955 1275 1593 1396 1278 1778 1418 1983 1443 1639 1244 1880 1945 1686 1193 1182 1195 1674 1397 1951 1205 1140 1616 1390 1630 1537 1193 1551 1884 1264 1172 1224 1904 1155 1968 1977 1835 1797 1239 1509 1215 1744 1464 BCNSPRNW ULIB Ver.6.0+V

เปลี่ยนเป็นภาษาไทย

Change to English
 แสดงรายละเอียดบรรณานุกรม
  กลับหน้าหลัก

Brief Record : Get Marc (ISO 2709) : E-mail record : QR code < ปิดหน้าต่าง
LEADER : 00000nam 2200000uu 4500
001    13399109107
003     ULIB
008    110322s2552||||th 000 0 tha d
020    9789744140920
041 1  tha^heng
050  4 JK421^bก945ก 2552
100 1  โกลด์สมิธ, สตีเฟน
245 10 การบริหารงานภาครัฐแบบเครือข่าย : มิติใหม่ของภาครัฐ =^bGoverning by network /^cผู้เขียน Stephen Goldsmith & William D. Eggers ; แปลและเรียบเรียงโดย จักร ติงศภัทิย์, กฤษฎา ปราโมทย์ธนา
246 31 Governing by network
250    พิมพ์ครั้งที่ 2
260    กรุงเทพฯ :^bเอ็กซเปอร์เน็ท,^c2552
300    363 หน้า :^bภาพประกอบ ;^c21 ซม.
500    'แปลจาก Governing by network : the new shape of thepublic sector/ Stephen Goldsmith, William D. Eggers, c2004."
650  7 ความร่วมมือระหว่างภาครัฐบาลและเอกชน^zสหรัฐอเมริกา
650  7 การบริหารรัฐกิจ^zสหรัฐอเมริกา
650  7 การว่าจ้างให้ผู้อื่นทำงานแทน^zสหรัฐอเมริกา
700 1  เอกเกอร์ส, วิลเลียม ดี.
700 0  จักร ติงศภัทิย์,^eผู้แปล
700 0  กฤษฎา ปราโมทย์ธนา,^eผู้แปล
700 12 Goldsmith, Stephen.^tGoverning by network :^bthe new shapeof the public sector
945    ^p295^l0^i029896
945    ^p295^l0^i029895
995    ทศพร
999 ^a ใช้งานได้ทุกระบบ
รายการนี้ยังไม่มีแท็ก
คุณยังไม่ได้ล็อกอิน คุณสามารถมีกิจกรรมร่วมกับเว็บไซต์ได้ แต่ต้องล็อกอินก่อน ::
  ล็อกอิน

รายการสื่อสารสนเทศ

ลำดับที่ ประเภท เลขเรียก/บาร์โค้ด สถานที่ สถานะ
- ไม่พบข้อมูล -

รายการใกล้เคียง
    ผู้แต่ง [โกลด์สมิธ, สตีเฟน]

BibComment


ยังไม่เคยถูกคอมเมนท์

คอมเมนท์ทรัพยากรรายการนี้
  คอมเมนท์: การบริหารงานภาครั..


 Copyright 2026. Bcnsprnw @Library